000 00482nam a2200157Ia 4500
008 210716s2009 xx 000 0 und d
020 _a195686136
041 _aeng
082 _a004.22 PARB
100 _aParhami, Behrooz.
245 _aComputer architecture: from microprocessors to supercomputers.
_bFrom microprocessors to supercomputers.
250 _a1
260 _aNew Delhi
_bOxford University Press
_c2009
300 _axix,556
650 _aComputer Arch., Org.(004.22)
999 _c189678
_d189678